000 00394nam a2200145Ia 4500
008 230718s9999 xx 000 0 und d
041 _aEng.
082 _a292
_bالر-ا
100 _aالرحمن پیر و غیر محبوب
245 0 _aاسلام حیات لازمی
260 _aPakistan
_bنظیم ایشی اردو بازار
_c2009
300 _a148
650 _aLaw
999 _c26446
_d26446